|
|
|
|
| LEADER |
00000cam a2200000 a 4500 |
| 001 |
vtls001465694 |
| 003 |
SK-MaSNL |
| 005 |
20260302073247.0 |
| 008 |
250313s1939 xo a c 000 m slo |
| 015 |
|
|
|a SNBA1939
|
| 035 |
|
|
|a SNK000420999
|
| 035 |
|
|
|a urn:nbn:sk:snk-am3hkou
|
| 035 |
|
|
|a 4855E387-7EAE-4271-B59B-6A794591AD90
|
| 035 |
|
|
|a urn:nbn:sk:snk-am00d3ro
|
| 040 |
|
|
|a SNK
|b slo
|c SNK
|e AACR2
|
| 041 |
0 |
|
|a slo
|
| 044 |
|
|
|a xo
|c SK
|
| 072 |
|
7 |
|a 821.162.4
|x Slovenská literatúra
|2 konspekt
|
| 080 |
|
|
|a 821.162.4
|2 2011
|
| 080 |
|
|
|a (075.2)
|2 2011
|
| 245 |
0 |
0 |
|a Čítanka pre štvrtý ročník ľudových škôl
|c Sostavili: Rudolf Kľačko a J. C. Hronský
|
| 250 |
|
|
|a 1. vyd.
|
| 260 |
|
|
|a Turčiansky sv. Martin
|b Matica slovenská
|c 1939
|
| 300 |
|
|
|a 153 s.
|b ilustrácie
|c 21 cm
|
| 650 |
0 |
7 |
|a slovenská literatúra
|2 SNKPH
|9 1115
|
| 650 |
0 |
7 |
|a Slovak literature
|2 SNKPHeng
|9 265073
|
| 655 |
|
7 |
|a čítanky
|2 SNKPH
|9 60817
|
| 655 |
|
7 |
|a Readers
|2 SNKPHeng
|9 300493
|
| 700 |
1 |
|
|a Klačko, Rudolf,
|d 1892-1975
|4 com
|9 101063
|
| 700 |
1 |
|
|a Hronský, Jozef Cíger,
|d 1896-1960
|4 com
|9 89812
|
| 852 |
|
|
|a Slovenská národná knižnica
|
| 958 |
|
|
|a LX
|
| 958 |
|
|
|a OND
|
| 999 |
|
|
|c 1160119
|d 1162049
|
| 952 |
|
|
|a SNK
|b SNK
|y VYP
|7 0
|p 17A1543568
|o snkSC 2973 D1
|i snk264/43
|0 0
|1 0
|4 0
|d 2024-04-26
|l 0
|r 2026-02-24 20:30:28
|w 2026-02-24
|
| 952 |
|
|
|a SNK
|b SNK
|y VYP
|7 0
|p 17A0402536
|o snkSC 2973 D2
|i snkF 6126/62
|8 5
|0 0
|1 0
|4 0
|d 2004-01-02
|l 0
|r 2005-01-02 00:00:00
|w 2026-02-24
|
| 952 |
|
|
|a SNK
|b SNK
|y PREZ
|7 0
|p 17A0743238
|o snkSC 2973
|i snk1863/42
|0 0
|1 0
|4 0
|d 2011-11-29
|f 1
|l 0
|r 2025-06-17 00:00:00
|w 2026-02-24
|